| Tag |
First Indicator |
Second Indicator |
Subfields |
| LEADER |
00000cam a2200000 4500 |
| 001 |
in00000014619 |
| 005 |
20151007052244.0 |
| 008 |
770615s1920 enk 00010 eng |
| 010 |
|
|
|a 21002547
|
| 035 |
|
|
|a (OCoLC)03044679
|
| 035 |
|
|
|9 AAA6992AM
|
| 040 |
|
|
|a DLC
|c AKR
|d OCL
|d TXA
|d UtOrBLW
|
| 049 |
|
|
|a TXAM
|c [A11047486]
|
| 050 |
0 |
0 |
|a PJ9023
|b .M4
|
| 100 |
1 |
|
|a Mercer, Samuel A. B.
|q (Samuel Alfred Browne),
|d 1880-
|
| 245 |
1 |
0 |
|a Ethiopic grammar :
|b with chrestomathy and glossary /
|c by Samuel A. B. Mercer.
|
| 264 |
|
1 |
|a Oxford :
|b The Clarendon press,
|c 1920.
|
| 300 |
|
|
|a 116 pages ;
|c 20 cm.
|
| 336 |
|
|
|a text
|b txt
|2 rdacontent
|
| 337 |
|
|
|a unmediated
|b n
|2 rdamedia
|
| 338 |
|
|
|a volume
|b nc
|2 rdacarrier
|
| 650 |
|
0 |
|a Ethiopic language
|x Grammar.
|
| 999 |
|
|
|a MARS
|
| 999 |
f |
f |
|s 90e92314-f22b-3900-a2e2-86e7156810cd
|i 5edd4575-74aa-3feb-9b90-13eb2c9f9721
|t 0
|
| 952 |
f |
f |
|p ric
|a Texas A&M University
|b Rellis Campus
|c Joint Library Facility
|s JLF
|d Remote Storage
|t 0
|e PJ9023 .M4
|h Library of Congress classification
|i unmediated -- volume
|m A14811047486
|
| 998 |
f |
f |
|a PJ9023 .M4
|t 0
|l Remote Storage
|